Mohandas Karamchand Gandhi - Mahatma Gandhi - thánh Gandhi ( 1869 - 1948 )

সংরক্ষণ করুন:
গ্রন্থ-পঞ্জীর বিবরন
প্রধান লেখক: Triệu Qúy Ngọc
বিন্যাস: গ্রন্থ
ভাষা:Undetermined
প্রকাশিত: H. VHTT 2003
বিষয়গুলি:
ট্যাগগুলো: ট্যাগ যুক্ত করুন
কোনো ট্যাগ নেই, প্রথমজন হিসাবে ট্যাগ করুন!
Thư viện lưu trữ: Trung tâm Học liệu Trường Đại học Cần Thơ
LEADER 00629nam a2200205Ia 4500
001 CTU_58337
008 210402s9999 xx 000 0 und d
020 |b 25000 
082 |a 895.13 
082 |b Ng419 
100 |a Triệu Qúy Ngọc 
245 0 |a Mohandas Karamchand Gandhi - Mahatma Gandhi - thánh Gandhi ( 1869 - 1948 ) 
245 0 |c Triệu Qúy Ngọc; Nguyễn Văn Ái biên dịch 
260 |a H. 
260 |b VHTT 
260 |c 2003 
650 |a celebrities,chinese literature ( vietnamese ) 
650 |x biography 
904 |i Minh 
980 |a Trung tâm Học liệu Trường Đại học Cần Thơ